000 00323nam a2200145Ia 4500
100 _aMaso/ Brian
942 _cBK
654 _aComputer
245 _aVisual J++ 6 from the ground up
260 _bTata Mc Graw hill
_aNew Delhi
_c1999
082 _a005.133'J'
_bMAS
300 _a800
546 _aENGLISH
999 _c29358
_d29358